| 000 | 00695nam a2200205 a 4500 | ||
|---|---|---|---|
| 001 | 000004570 | ||
| 005 | 20200929151449.0 | ||
| 008 | 991008s1964 mx 000 1bspa d | ||
| 040 |
_aDO-SdBNP _bspa _cBNPHU |
||
| 082 |
_a833.91 _bZ97v, 1964 |
||
| 100 | 1 |
_aZweig, Stefan, _d1881-1942. _913343 |
|
| 245 | 1 | 0 |
_aVenticuatro horas de la vida de una mujer / _cStefan Zweig; traductor, Máximo Llorente; prólogo, José Manuel Ripamonti. |
| 250 | _a6a ed. | ||
| 260 |
_aMéxico : _bDiana, _c1964. |
||
| 300 |
_a174 p. ; _c20 cm. |
||
| 650 | 4 |
_aNovela alemana _93302 |
|
| 650 | 4 |
_aLiteratura alemana _93274 |
|
| 700 | 1 |
_aLlorente, Máximo, _etr. _913344 |
|
| 700 | 1 |
_aRipamonti, José Manuel, _epról. _913345 |
|
| 999 |
_c4378 _d4378 |
||